[Event "1st Gujarat GM Open 2018"]
[Site "Ahmedabad"]
[Date "2018.10.07"]
[Round "3"]
[White "Kravtsiv, Martyn"]
[Black "Aaryan Varshney"]
[Result "1-0"]
[WhiteElo "2654"]
[BlackElo "2286"]
[Annotator "TA"]
[PlyCount "73"]
[EventDate "2018.10.05"]
[EventType "swiss"]
[EventCountry "IND"]
[SourceTitle "playchess.com"]
[Source "ChessBase"]
[SourceQuality "1"]

{[%evp 14,72,27,26,41,26,45,23,19,17,40,14,54,21,78,65,108,124,117,116,119,99,84,112,95,92,82,101,143,104,166,136,358,351,598,599,560,522,527,380,1022,1052,1130,1109,1108,1108,1442,1350,29991,29992,29994,29995,29995,29996,29996,29997,29997,29998,29998,29999,29999]} 1. e4 c5 2. Nf3 d6 3. d4 cxd4 4. Nxd4 Nf6 5. Nc3 a6 6. Nb3 e6 {B90: Sicilian Najdorf: Unusual White 6th moves, 6 Be3 Ng4 and 6 Be3 e5} (6... Nc6 7. Be3 Ng4 8. Bd2 Nf6 9. Be3 Ng4 10. Bd2 Nf6 11. Be3 {½-½ (11) Chigaev,M (2593)-Kokarev,D (2595) Kazan 2018}) 7. g4 h6 8. Bg2 {LiveBook: 6 Games} Be7 {White has an edge.} 9. Qe2 Nc6 10. Be3 Qc7 11. f4 b5 12. O-O-O $146 ({Predecessor:} 12. a3 Bb7 13. O-O-O Rc8 14. Rhe1 {1-0 (57) Marek,M (2435)-Rabatin,J (2299) Ostrava 2016}) 12... Nd7 13. Rhe1 Bb7 (13... b4 $11 {keeps the balance.} 14. Nd5 exd5 15. exd5 Nce5) 14. Kb1 $16 O-O 15. h4 b4 16. Na4 a5 17. g5 {e5! is the strong threat.} Ba6 18. Qf2 Bb5 19. Nb6 Nxb6 20. Bxb6 Qb7 21. gxh6 {Threatens to win with e5.} g6 (21... a4 $16 {was called for.} 22. Nd2 a3) 22. h5 $18 {Hoping for e5.} Kh7 $2 (22... a4 $16 {was necessary.} 23. Nc1 a3) 23. f5 {[%cal Bf4f5,Bf5f6][%mdl 32]} g5 $2 {[#]} (23... Ne5 {might work better.} 24. f6 (24. Bxa5 Bc4 $16) 24... Bd8) 24. e5 $1 {[%mdl 512]} d5 (24... Nxe5 25. Bxb7) 25. f6 Bd8 26. Be3 Rg8 $2 {[#]} (26... Qc8 27. Nd4 (27. Bxg5 a4 $18) 27... Nxd4) 27. Bxd5 $1 {[%mdl 512]} Qc7 (27... exd5 28. Qf5+) 28. Be4+ Kxh6 29. Nc5 Qxe5 30. Nd7 Qc7 31. Rg1 {White mates.} Ne5 32. Rxg5 Rxg5 33. Bxg5+ Kxg5 34. Qe3+ Kxh5 35. Rh1+ Kg4 36. Rg1+ Kh4 37. Qh6# {Precision: White = 73%, Black = 39%.} 1-0

[Event "1st Gujarat GM Open 2018"]
[Site "Ahmedabad"]
[Date "2018.10.07"]
[Round "3"]
[White "Predke, Alexandr"]
[Black "Shyam Prasad Reddy K"]
[Result "1-0"]
[WhiteElo "2615"]
[BlackElo "2014"]
[Annotator "TA"]
[PlyCount "117"]
[EventDate "2018.10.05"]
[EventType "swiss"]
[EventCountry "IND"]
[SourceTitle "playchess.com"]
[Source "ChessBase"]
[SourceQuality "1"]

{[%evp 24,117,19,12,41,42,70,64,56,53,132,130,162,154,151,141,145,127,155,179,178,186,214,212,289,250,255,228,223,187,173,153,275,239,289,285,293,272,296,288,283,264,256,83,214,182,284,245,312,289,304,312,293,236,279,271,370,369,372,383,513,514,814,800,789,770,830,791,764,766,970,959,829,921,927,814,820,860,918,917,992,961,924,934,2353,2113,2080,1877,1707,1809,1389,1234,6311,6303,6187,4761]} 1. e4 e5 2. Nf3 Nc6 3. Bb5 a6 4. Ba4 Nf6 5. d3 d6 6. c3 g6 7. Nbd2 Bg7 8. Nf1 O-O 9. Ng3 Bd7 10. O-O h6 11. Re1 Re8 12. h3 d5 13. Be3 {[#] LiveBook: 3 Games. C55: Two Knights: 4 d3, 4 d4 exd4 5 e5 and Max Lange Attack} Qe7 $146 ({Predecessor:} 13... b5 14. Bc2 Rb8 15. Qd2 {½-½ (41) Jakovenko,D (2748)-Tomashevsky,E (2702) Satka 2018}) 14. b4 Rad8 15. Bc5 {White is slightly better.} Qe6 16. Bb3 b6 (16... Bc8 $1 $14) 17. Be3 $16 Bc8 18. Qd2 Kh7 {[#]} 19. Bg5 $1 {[%mdl 512]} Qd6 (19... hxg5 20. Nxg5+) 20. exd5 Na7 21. Bxf6 Qxf6 22. Ne4 Qf4 23. Re3 c6 24. d6 Nb5 25. g3 Qf5 26. Nh4 Qd7 {[#]} 27. a4 $1 {[%cal Ra4b5,Ba2a4,Ba4a5,Ba5b6,Bb6b7][%mdl 32]} Na7 (27... f5 $16) 28. a5 Rf8 29. axb6 Nb5 30. Rf3 f5 31. Nc5 Qxd6 32. b7 Bd7 33. Rd1 $2 ({Resist} 33. Rxa6 $6 e4 $16) (33. Qc2 $18 {has better winning chances.}) 33... Nc7 (33... g5 $16 {keeps fighting.}) 34. Qa2 $36 {[%mdl 2048] White is on the roll.} Qe7 (34... g5 $142) 35. Re1 $18 Be8 36. Ng2 Bf7 37. Bxf7 Qxf7 38. Ra1 Qe7 39. Qc4 ({But not} 39. Nxa6 $6 Nxa6 40. Qxa6 Qc7 $16) 39... Rd6 40. Re3 Nd5 41. Ree1 Nc7 42. f4 {White is clearly winning.} Qd8 (42... Rb8 $142 43. fxe5 Rd5) 43. fxe5 Rd5 44. d4 Qg5 45. Qd3 Rb8 46. Nf4 h5 47. h4 Qg4 48. Kg2 Bh6 49. Qf3 Bxf4 50. Qxf4 Qxf4 51. gxf4 Kg7 52. e6 {[%cal Be5e6,Be6e7][%mdl 32]} Rdd8 53. Kf3 Kf6 54. e7 Re8 55. Nd7+ Kf7 56. Nxb8 Rxb8 57. Ra5 Ke8 58. Rc5 Kd7 59. d5 {Precision: White = 83%, Black = 29%.} 1-0

[Event "1st Gujarat GM Open 2018"]
[Site "Ahmedabad"]
[Date "2018.10.07"]
[Round "3"]
[White "Tukhaev, Adam"]
[Black "Kulkarni, Vinayak"]
[Result "1/2-1/2"]
[WhiteElo "2556"]
[BlackElo "2203"]
[Annotator "ChessBase"]
[PlyCount "63"]
[EventDate "2018.10.05"]
[EventType "swiss"]
[EventCountry "IND"]
[SourceTitle "playchess.com"]
[Source "ChessBase"]
[SourceQuality "1"]
[TimeControl "5400+30"]

1. e4 {[%emt 0:00:00]} c5 {[%emt 0:00:00]} 2. Nf3 {[%emt 0:00:00]} Nc6 {[%emt 0:00:00]} 3. Bb5 {[%emt 0:00:20]} e6 {[%emt 0:00:04]} 4. O-O {[%emt 0:00:29]} Nge7 {[%emt 0:00:28]} 5. Ba4 {[%emt 0:01:48]} Ng6 {[%emt 0:03:59]} 6. c4 {[%emt 0:12:31]} Be7 {[%emt 0:03:10]} 7. d4 {[%emt 0:02:45]} Nxd4 {[%emt 0:06:34]} 8. Nxd4 {[%emt 0:01:46]} cxd4 {[%emt 0:00:06]} 9. Qxd4 {[%emt 0:00:07]} O-O {[%emt 0:00:41]} 10. Be3 {[%emt 0:09:08]} Qa5 {[%emt 0:04:09]} 11. Qd1 {[%emt 0:14:32]} Bf6 {[%emt 0:06:16]} 12. Nd2 {[%emt 0:05:27]} Bxb2 {[%emt 0:06:19]} 13. Rb1 {[%emt 0:00:07]} Bf6 {[%emt 0:05:20]} 14. c5 {[%emt 0:25:29]} Qc7 {[%emt 0:01:14]} 15. f4 {[%emt 0:02:20]} Be7 {[%emt 0:14:08]} 16. Rc1 {[%emt 0:00:06]} d6 {[%emt 0:02:28]} 17. f5 {[%emt 0:08:28]} Ne5 {[%emt 0:05:02]} 18. f6 {[%emt 0:07:02]} gxf6 {[%emt 0:00:46]} 19. Qh5 {[%emt 0:00:03]} Rd8 {[%emt 0:06:23]} 20. Rc3 {[%emt 0:02:47]} Ng6 {[%emt 0:02:34]} 21. e5 {[%emt 0:00:31]} dxe5 {[%emt 0:01:05]} 22. Ne4 {[%emt 0:00:03]} Qa5 {[%emt 0:06:06]} 23. Bg5 {[%emt 0:03:53]} Rd4 {[%emt 0:10:04]} 24. Rh3 {[%emt 0:00:59]} Qxa4 {[%emt 0:01:41]} 25. Nxf6+ {[%emt 0:00:31]} Bxf6 {[%emt 0:01:02]} 26. Bxf6 {[%emt 0:00:03]} Rg4 {[%emt 0:01:27]} 27. Qxh7+ {[%emt 0:00:56]} Kf8 {[%emt 0:00:04]} 28. Bg5 {[%emt 0:01:18]} Rf4 {[%emt 0:01:58]} 29. Bh6+ {[%emt 0:00:11]} Ke7 {[%emt 0:00:22]} 30. Bg5+ {[%emt 0:00:03]} Kf8 {[%emt 0:00:15]} 31. Bh6+ {[%emt 0:00:02]} Ke7 {[%emt 0:00:04]} 32. Bg5+ {[%emt 0:01:40]} 1/2-1/2

[Event "1st Gujarat GM Open 2018"]
[Site "Ahmedabad"]
[Date "2018.10.07"]
[Round "3"]
[White "Bernadskiy, Vitaliy"]
[Black "Mehdi Hasan Parag"]
[Result "1-0"]
[WhiteElo "2547"]
[BlackElo "2209"]
[Annotator "TA"]
[PlyCount "67"]
[EventDate "2018.10.05"]
[EventType "swiss"]
[EventCountry "IND"]
[SourceTitle "playchess.com"]
[Source "ChessBase"]
[SourceQuality "1"]

{[%evp 11,67,0,45,28,50,43,56,46,55,50,76,64,87,79,83,83,91,91,185,191,162,168,162,176,204,202,257,213,226,214,225,225,516,522,523,520,591,523,496,327,296,295,298,291,295,295,603,584,537,512,513,507,663,654,881,880,829,838]} 1. e4 c6 2. d4 d5 3. e5 c5 4. dxc5 e6 5. a3 (5. Nf3 Bxc5 6. a3 Nd7 7. Bd3 f6 8. b4 Be7 9. Bb2 fxe5 10. Nxe5 Nxe5 11. Bxe5 Bf6 12. O-O Nh6 13. Bxf6 Qxf6 {1-0 (70) Jakovenko,D (2735)-Fedoseev,V (2706) Poikovsky 2018}) 5... Bxc5 6. Qg4 {B12: Caro-Kann: Advance Variation} g6 {LiveBook: 6 Games} (6... Ne7 {with more complications.} 7. Qxg7 Ng6 8. Nf3 Nd7 9. Bb5 Bf8) 7. Bd3 Nc6 8. Nf3 {White is slightly better.} Qc7 9. Qg3 Bf8 10. O-O Bg7 {[%cal Rc6e5]} 11. Re1 Nge7 12. Nc3 $146 {[%cal Bb1c3,Bc3e2,Be2f4][%mdl 32] And now Nb5 would win.} ({Predecessor:} 12. h4 h6 {½-½ (52) Dashibalov,E (2287)-Shmakov,D (2353) Tomsk 2006}) 12... a6 13. Bg5 Ng8 14. Rad1 $36 {[%mdl 2048] Keeping Black busy.} h6 {[#]} (14... Bd7 $16) 15. Bf6 $1 $18 {[%cal Rf6g7]} Kf8 16. Bxg7+ Kxg7 17. Ne2 Nce7 18. Nf4 Rh7 19. h4 {[%cal Bh2h4,Bh4h5][%mdl 32]} Kh8 20. h5 g5 21. Bxh7 gxf4 $2 (21... Kxh7 22. Ne2 Nc6) 22. Qxf4 Kxh7 23. Qxf7+ Kh8 24. Nh4 {[#] Intending Rd4 and mate.} Qd8 25. Rd4 ({Less strong is} 25. Ng6+ Nxg6 26. hxg6 Qe7 $18) 25... Bd7 26. Rg4 {[%csl Gg4][%cal Rf7g7]} ({Resist} 26. Ng6+ $6 Nxg6 27. hxg6 Qe7 $16) 26... Qf8 27. Rxg8+ $1 Qxg8 28. Qxe7 {Threatening mate with Ng6+.} Qg7 $2 (28... Be8 29. Nf3 Bxh5) 29. Ng6+ {White is clearly winning.} Kh7 {If Black can now play ...Qxe7 this consolidates a bit.} 30. Qb4 Bc6 31. Re3 {[%cal Be1e3,Be3g3,Bg3f3,Bf3f6][%mdl 32]} Rg8 32. Rg3 Qf7 33. Rf3 Qg7 34. Rf6 {Precision: White = 76%, Black = 48%.} 1-0

[Event "1st Gujarat GM Open 2018"]
[Site "Ahmedabad"]
[Date "2018.10.07"]
[Round "3"]
[White "Sivuk, Vitaly"]
[Black "Pranav Anand"]
[Result "1-0"]
[WhiteElo "2545"]
[BlackElo "2269"]
[Annotator "ChessBase"]
[PlyCount "167"]
[EventDate "2018.10.05"]
[EventType "swiss"]
[EventCountry "IND"]
[SourceTitle "playchess.com"]
[Source "ChessBase"]
[SourceQuality "1"]
[TimeControl "5400+30"]

1. Nf3 {[%emt 0:00:00]} d5 {[%emt 0:00:00]} 2. e3 {[%emt 0:00:00]} Nf6 {[%emt 0:00:30]} 3. c4 {[%emt 0:00:03]} e6 {[%emt 0:03:06]} 4. b3 {[%emt 0:00:35]} Bd6 {[%emt 0:06:54]} 5. Bb2 {[%emt 0:00:39]} Nbd7 {[%emt 0:02:59]} 6. d4 {[%emt 0:06:32]} b6 {[%emt 0:10:03]} 7. cxd5 {[%emt 0:03:25]} exd5 {[%emt 0:01:00]} 8. Nc3 {[%emt 0:00:08]} a6 {[%emt 0:00:40]} 9. g3 {[%emt 0:00:22]} Bb7 {[%emt 0:01:46]} 10. Bg2 {[%emt 0:00:08]} O-O {[%emt 0:00:16]} 11. O-O {[%emt 0:00:06]} Re8 {[%emt 0:03:53]} 12. Rc1 {[%emt 0:00:20]} Qe7 {[%emt 0:02:10]} 13. Rc2 {[%emt 0:00:16]} Ne4 {[%emt 0:03:27]} 14. Qc1 {[%emt 0:00:41]} Rac8 {[%emt 0:03:42]} 15. Rd1 {[%emt 0:01:21]} f5 {[%emt 0:03:19]} 16. Bh3 {[%emt 0:10:11]} Rf8 {[%emt 0:04:57]} 17. Qa1 {[%emt 0:07:14]} g5 {[%emt 0:07:53]} 18. Nxe4 {[%emt 0:06:02]} Qxe4 {[%emt 0:04:30]} 19. Ne1 {[%emt 0:00:11]} Qe7 {[%emt 0:01:41]} 20. Nd3 {[%emt 0:02:00]} h5 {[%emt 0:02:06]} 21. Bg2 {[%emt 0:08:27]} Qe6 {[%emt 0:04:07]} 22. Qc1 {[%emt 0:05:28]} Qe7 {[%emt 0:01:04]} 23. b4 {[%emt 0:05:29]} c6 {[%emt 0:04:53]} 24. a4 {[%emt 0:01:45]} Rfe8 {[%emt 0:05:12]} 25. a5 {[%emt 0:01:30]} b5 {[%emt 0:01:57]} 26. Nc5 {[%emt 0:00:43]} Nxc5 {[%emt 0:00:35]} 27. dxc5 {[%emt 0:00:45]} Be5 {[%emt 0:00:12]} 28. Bxe5 {[%emt 0:01:40]} Qxe5 {[%emt 0:00:02]} 29. Rd4 {[%emt 0:00:38]} Rc7 {[%emt 0:00:56]} 30. Qd1 {[%emt 0:03:13]} g4 {[%emt 0:01:14]} 31. Rf4 {[%emt 0:00:55]} Bc8 {[%emt 0:00:22]} 32. Kf1 {[%emt 0:03:34]} Rh7 {[%emt 0:01:35]} 33. Qd4 {[%emt 0:00:22]} Rhe7 {[%emt 0:01:16]} 34. Qxe5 {[%emt 0:00:56]} Rxe5 {[%emt 0:00:03]} 35. Ke2 {[%emt 0:00:10]} Kg7 {[%emt 0:00:17]} 36. Rc1 {[%emt 0:00:25]} Rh8 {[%emt 0:01:31]} 37. Rh1 {[%emt 0:01:04]} Rh6 {[%emt 0:00:59]} 38. Kd3 {[%emt 0:00:12]} Re8 {[%emt 0:02:14]} 39. h3 {[%emt 0:04:17]} Re7 {[%emt 0:01:21]} 40. Kd4 {[%emt 0:03:14]} Rf6 {[%emt 0:00:39]} 41. hxg4 {[%emt 0:00:57]} hxg4 {[%emt 0:00:12]} 42. Rh5 {[%emt 0:00:37]} Re8 {[%emt 0:00:57]} 43. Bf1 {[%emt 0:01:11]} Rh6 {[%emt 0:01:53]} 44. Rxh6 {[%emt 0:02:12]} Kxh6 {[%emt 0:00:02]} 45. Bg2 {[%emt 0:00:17]} Kg5 {[%emt 0:00:20]} 46. f3 {[%emt 0:00:52]} gxf3 {[%emt 0:02:19]} 47. Bxf3 {[%emt 0:00:05]} Rh8 {[%emt 0:00:33]} 48. Ke5 {[%emt 0:01:23]} Rh6 {[%emt 0:00:09]} 49. Rh4 {[%emt 0:02:22]} Rxh4 {[%emt 0:06:13]} 50. gxh4+ {[%emt 0:00:06]} Kxh4 {[%emt 0:00:03]} 51. Kf4 {[%emt 0:04:45]} Kh3 {[%emt 0:00:45]} 52. Bh5 {[%emt 0:00:21]} Kg2 {[%emt 0:01:52]} 53. Be8 {[%emt 0:00:45]} Bb7 {[%emt 0:00:24]} 54. Kxf5 {[%emt 0:04:33]} Kf3 {[%emt 0:00:11]} 55. Ke6 {[%emt 0:00:13]} Bc8+ {[%emt 0:00:30]} 56. Bd7 {[%emt 0:02:27]} Bxd7+ {[%emt 0:02:17]} 57. Kxd7 {[%emt 0:00:06]} Kxe3 {[%emt 0:00:02]} 58. Kxc6 {[%emt 0:00:06]} d4 {[%emt 0:00:03]} 59. Kb7 {[%emt 0:00:20]} d3 {[%emt 0:00:06]} 60. c6 {[%emt 0:00:03]} d2 {[%emt 0:00:05]} 61. c7 {[%emt 0:00:02]} d1=Q {[%emt 0:00:21]} 62. c8=Q {[%emt 0:00:11]} Qd6 {[%emt 0:01:41]} 63. Qc3+ {[%emt 0:01:45]} Ke2 {[%emt 0:00:48]} 64. Ka7 {[%emt 0:00:26]} Qe6 {[%emt 0:01:55]} 65. Qc2+ {[%emt 0:02:08]} Ke3 {[%emt 0:00:45]} 66. Qc5+ {[%emt 0:00:57]} Kd3 {[%emt 0:00:27]} 67. Qb6 {[%emt 0:00:42]} Qd7+ {[%emt 0:01:51]} 68. Kxa6 {[%emt 0:02:41]} Qc8+ {[%emt 0:00:05]} 69. Qb7 {[%emt 0:01:23]} Qe6+ 70. Qb6 {[%emt 0:01:19]} Qc8+ {[%emt 0:00:17]} 71. Ka7 {[%emt 0:00:05]} Qd7+ {[%emt 0:00:51]} 72. Kb8 {[%emt 0:00:22]} Qe8+ {[%emt 0:00:30]} 73. Kb7 {[%emt 0:01:23]} Qe4+ {[%emt 0:00:10]} 74. Qc6 {[%emt 0:03:04]} Qxb4 {[%emt 0:00:20]} 75. Qd7+ {[%emt 0:00:10]} Kc3 {[%emt 0:00:57]} 76. a6 {[%emt 0:00:32]} Kb2 {[%emt 0:01:50]} 77. a7 {[%emt 0:01:24]} Qe4+ {[%emt 0:00:04]} 78. Qc6 {[%emt 0:00:28]} Qe7+ {[%emt 0:00:12]} 79. Kb6 {[%emt 0:00:53]} Qe3+ {[%emt 0:00:32]} 80. Qc5 {[%emt 0:00:12]} Qe6+ {[%emt 0:00:12]} 81. Ka5 {[%emt 0:00:31]} Qa2+ {[%emt 0:00:28]} 82. Kxb5 {[%emt 0:00:08]} Qg8 {[%emt 0:00:29]} 83. Qd4+ {[%emt 0:00:44]} Kb3 {[%emt 0:00:30]} 84. Qd1+ 1-0

[Event "1st Gujarat GM Open 2018"]
[Site "Ahmedabad"]
[Date "2018.10.07"]
[Round "3"]
[White "Lalith Babu M R"]
[Black "Ziatdinov, Raset"]
[Result "1-0"]
[WhiteElo "2518"]
[BlackElo "2265"]
[Annotator "TA"]
[PlyCount "77"]
[EventDate "2018.10.05"]
[EventType "swiss"]
[EventCountry "IND"]
[SourceTitle "playchess.com"]
[Source "ChessBase"]
[SourceQuality "1"]

{[%evp 17,77,53,60,45,59,45,66,38,45,31,57,52,52,21,43,42,53,37,37,35,45,37,59,48,59,66,79,63,63,63,59,0,125,125,117,106,115,102,120,123,116,115,125,118,135,168,222,218,209,205,214,217,317,288,368,353,412,419,440,420,604,585]} 1. d4 Nf6 2. c4 e6 3. Nf3 b6 4. g3 Bb7 5. Bg2 Be7 6. Nc3 O-O 7. O-O Ne4 8. Qc2 f5 9. Ne5 Nd6 {LiveBook: 3 Games. E19: Queen's Indian: Old Main Line with 7...Ne4 8 Qc2 Nxc3 8 Qxc3} 10. Bxb7 Nxb7 11. e4 Nd6 {White is slightly better.} (11... d6 12. Nf3 Nc6 13. Re1 a5 14. a3 Bf6 15. Be3 Qc8 16. Rad1 Kh8 17. Kg2 {1-0 (46) Hirneise,T (2466)-Saeed,I (2312) Doha 2016}) 12. Rd1 $146 ({Predecessor:} 12. exf5 Rxf5 13. b3 Na6 14. Bb2 c6 15. Rae1 Qc7 16. Qe2 Qb7 17. d5 cxd5 18. cxd5 {1-0 (37) Le,M (2025)-Duong,T (2340) Ho Chi Minh City 2015}) 12... Qe8 13. Be3 Nc6 14. Nxc6 dxc6 15. Bf4 g5 16. Bxd6 $1 Bxd6 17. e5 Bb4 18. Ne2 {Black must now prevent c5.} Be7 19. Rd3 $36 {[%mdl 2048] White fights for an advantage.} Kh8 20. Rad1 Qh5 21. f3 Rg8 22. Qa4 Qe8 23. Kg2 Rg6 24. d5 (24. Qc2 $14) 24... b5 (24... exd5 $1 $11 {keeps the balance.} 25. cxd5 Rh6) 25. cxb5 $16 cxd5 26. Rc3 $1 a6 27. Rxc7 axb5 28. Qc2 $1 Bf8 29. Rc1 Rg8 30. Nd4 Ra4 31. Qd2 Rc4 {[#]} (31... g4 $142) 32. b3 $1 $18 {[%cal Rb3c4]} Rxc1 33. Rxc1 Rg6 34. Rc6 g4 {[#]} (34... Kg8 $142 35. Qc1 Qe7) 35. f4 $1 Rh6 36. Qc2 Kg8 37. Nxb5 Qa8 38. a4 Qa5 (38... d4 $142 39. Nxd4 Qa5) 39. Qc3 {Precision: White = 80%, Black = 38%.} 1-0

[Event "1st Gujarat GM Open 2018"]
[Site "Ahmedabad"]
[Date "2018.10.07"]
[Round "3"]
[White "Harsha Bharathakoti"]
[Black "Ritviz, Parab"]
[Result "1-0"]
[WhiteElo "2492"]
[BlackElo "2252"]
[Annotator "ChessBase"]
[PlyCount "95"]
[EventDate "2018.10.05"]
[EventType "swiss"]
[EventCountry "IND"]
[SourceTitle "playchess.com"]
[Source "ChessBase"]
[SourceQuality "1"]
[TimeControl "5400+30"]

1. d4 Nf6 {[%emt 0:01:42]} 2. c4 {[%emt 0:00:11]} e6 {[%emt 0:00:38]} 3. Nf3 {[%emt 0:03:46]} d5 {[%emt 0:00:34]} 4. g3 {[%emt 0:01:26]} Be7 {[%emt 0:00:46]} 5. Bg2 {[%emt 0:00:06]} O-O {[%emt 0:00:21]} 6. O-O {[%emt 0:00:07]} dxc4 {[%emt 0:02:09]} 7. Qc2 {[%emt 0:02:41]} a6 {[%emt 0:22:21]} 8. a4 {[%emt 0:03:32]} Nbd7 {[%emt 0:02:50]} 9. Nbd2 {[%emt 0:09:17]} b6 {[%emt 0:13:47]} 10. Nxc4 {[%emt 0:15:45]} Bb7 {[%emt 0:00:20]} 11. Rd1 {[%emt 0:03:39]} Be4 {[%emt 0:06:01]} 12. Qb3 {[%emt 0:00:33]} b5 {[%emt 0:07:29]} 13. axb5 {[%emt 0:18:21]} axb5 {[%emt 0:00:09]} 14. Rxa8 {[%emt 0:00:05]} Qxa8 {[%emt 0:00:11]} 15. Qxb5 {[%emt 0:00:13]} Rb8 {[%emt 0:14:07]} 16. Qa5 {[%emt 0:00:34]} Qb7 {[%emt 0:00:58]} 17. Bf4 {[%emt 0:08:23]} Nd5 {[%emt 0:01:48]} 18. Qd2 {[%emt 0:06:15]} Qb3 {[%emt 0:16:33]} 19. Rc1 {[%emt 0:03:25]} Bb4 {[%emt 0:00:24]} 20. Qd1 {[%emt 0:00:06]} Qxd1+ {[%emt 0:01:19]} 21. Rxd1 {[%emt 0:02:08]} Nxf4 {[%emt 0:00:03]} 22. gxf4 {[%emt 0:00:06]} Bd5 {[%emt 0:05:47]} 23. Nfe5 {[%emt 0:03:11]} Nxe5 {[%emt 0:00:29]} 24. Nxe5 {[%emt 0:00:05]} Bb3 {[%emt 0:00:33]} 25. Ra1 {[%emt 0:01:25]} f6 {[%emt 0:00:21]} 26. Nc6 {[%emt 0:00:42]} Rb6 {[%emt 0:00:02]} 27. Nxb4 {[%emt 0:04:07]} Rxb4 {[%emt 0:00:02]} 28. e3 {[%emt 0:00:10]} Bc2 {[%emt 0:01:41]} 29. Ra8+ {[%emt 0:00:14]} Kf7 {[%emt 0:00:02]} 30. Ra7 {[%emt 0:00:04]} Rxb2 {[%emt 0:00:49]} 31. Rxc7+ {[%emt 0:00:03]} Kf8 {[%emt 0:00:03]} 32. Bf3 {[%emt 0:00:31]} Bd3 {[%emt 0:01:01]} 33. d5 {[%emt 0:06:09]} exd5 {[%emt 0:00:27]} 34. Bxd5 {[%emt 0:00:04]} Bg6 {[%emt 0:00:40]} 35. Rc8+ {[%emt 0:02:13]} Ke7 {[%emt 0:00:06]} 36. Rg8 {[%emt 0:00:05]} Kd6 {[%emt 0:00:40]} 37. Bf3 {[%emt 0:00:52]} Bf5 {[%emt 0:00:36]} 38. Kg2 {[%emt 0:02:28]} g6 {[%emt 0:00:25]} 39. Rg7 {[%emt 0:00:12]} Bd3 {[%emt 0:00:42]} 40. Rxh7 {[%emt 0:00:18]} Ke6 {[%emt 0:00:26]} 41. Bg4+ {[%emt 0:02:02]} f5 {[%emt 0:00:33]} 42. Bf3 {[%emt 0:00:04]} Kf6 {[%emt 0:00:13]} 43. Bd5 {[%emt 0:00:17]} Be4+ {[%emt 0:00:31]} 44. Bxe4 {[%emt 0:00:04]} fxe4 {[%emt 0:00:03]} 45. Ra7 {[%emt 0:00:22]} Rb4 {[%emt 0:00:43]} 46. Ra6+ {[%emt 0:00:08]} Kf5 {[%emt 0:00:13]} 47. Ra5+ {[%emt 0:00:21]} Kf6 {[%emt 0:00:06]} 48. h4 {[%emt 0:00:19]} 1-0

[Event "1st Gujarat GM Open 2018"]
[Site "Ahmedabad"]
[Date "2018.10.07"]
[Round "3"]
[White "Rahman, Ziaur"]
[Black "Suvradeepta, Das"]
[Result "1-0"]
[WhiteElo "2473"]
[BlackElo "2005"]
[Annotator "ChessBase"]
[PlyCount "114"]
[EventDate "2018.10.05"]
[EventType "swiss"]
[EventCountry "IND"]
[SourceTitle "playchess.com"]
[Source "ChessBase"]
[SourceQuality "1"]
[TimeControl "5400+30"]

1. d4 {[%emt 0:00:00]} Nf6 {[%emt 0:00:00]} 2. c4 {[%emt 0:00:00]} g6 {[%emt 0:00:00]} 3. Nc3 {[%emt 0:00:00]} Bg7 {[%emt 0:00:00]} 4. e4 {[%emt 0:00:00]} d6 {[%emt 0:00:04]} 5. f3 {[%emt 0:00:00]} O-O {[%emt 0:00:06]} 6. Be3 {[%emt 0:00:01]} Nfd7 {[%emt 0:00:09]} 7. Nge2 {[%emt 0:00:25]} c5 {[%emt 0:00:08]} 8. Qd2 {[%emt 0:00:23]} Nc6 {[%emt 0:04:55]} 9. g4 {[%emt 0:02:49]} cxd4 {[%emt 0:05:38]} 10. Nxd4 {[%emt 0:00:21]} Nde5 {[%emt 0:00:09]} 11. Be2 {[%emt 0:01:22]} Nxd4 {[%emt 0:04:05]} 12. Bxd4 {[%emt 0:00:21]} Be6 {[%emt 0:00:05]} 13. Nd5 {[%emt 0:02:45]} Rc8 {[%emt 0:04:28]} 14. b3 {[%emt 0:02:06]} Bxd5 {[%emt 0:08:46]} 15. exd5 {[%emt 0:06:23]} e6 {[%emt 0:08:41]} 16. O-O {[%emt 0:27:00]} exd5 {[%emt 0:16:22]} 17. cxd5 {[%emt 0:00:02]} Nd7 {[%emt 0:01:16]} 18. Bxg7 {[%emt 0:04:54]} Kxg7 {[%emt 0:00:02]} 19. Qd4+ {[%emt 0:00:08]} Qf6 {[%emt 0:01:44]} 20. Qxf6+ {[%emt 0:02:23]} Kxf6 {[%emt 0:02:33]} 21. Rac1 {[%emt 0:01:14]} Nb6 {[%emt 0:03:33]} 22. Bc4 {[%emt 0:04:29]} Nxc4 {[%emt 0:06:34]} 23. bxc4 {[%emt 0:02:10]} Rc5 {[%emt 0:01:11]} 24. Rb1 {[%emt 0:02:34]} b6 {[%emt 0:00:39]} 25. Rb4 {[%emt 0:00:27]} Ra5 {[%emt 0:03:46]} 26. Rf2 {[%emt 0:01:22]} Re8 {[%emt 0:00:46]} 27. Rc2 {[%emt 0:11:59]} Ra3 {[%emt 0:09:17]} 28. Rb3 {[%emt 0:02:34]} Ra4 {[%emt 0:01:36]} 29. Kf2 {[%emt 0:00:31]} Rc8 {[%emt 0:00:11]} 30. Rbc3 {[%emt 0:00:27]} Rc5 {[%emt 0:00:17]} 31. a3 {[%emt 0:00:24]} Rc8 {[%emt 0:02:04]} 32. h3 {[%emt 0:02:02]} Ra5 {[%emt 0:03:54]} 33. Ke3 {[%emt 0:00:53]} Re8+ {[%emt 0:00:07]} 34. Kf2 {[%emt 0:00:11]} Kg5 {[%emt 0:00:26]} 35. Re2 {[%emt 0:02:43]} Rxe2+ {[%emt 0:00:58]} 36. Kxe2 {[%emt 0:00:02]} Rc5 {[%emt 0:00:06]} 37. Ke3 {[%emt 0:00:44]} Kh4 {[%emt 0:01:03]} 38. f4 {[%emt 0:08:42]} Rc8 {[%emt 0:09:12]} 39. a4 {[%emt 0:01:51]} Re8+ {[%emt 0:00:27]} 40. Kf3 {[%emt 0:00:12]} Re1 {[%emt 0:00:55]} 41. a5 {[%emt 0:00:49]} Rh1 {[%emt 0:00:00]} 42. Kg2 {[%emt 0:00:00]} Rb1 {[%emt 0:00:00]} 43. axb6 {[%emt 0:00:00]} Rb2+ {[%emt 0:00:00]} 44. Kf3 {[%emt 0:00:00]} axb6 {[%emt 0:00:00]} 45. Ke4 {[%emt 0:00:00]} Re2+ {[%emt 0:00:00]} 46. Kd4 {[%emt 0:00:00]} Rf2 {[%emt 0:00:00]} 47. Ke4 {[%emt 0:00:00]} Rb2 {[%emt 0:00:00]} 48. Kd4 {[%emt 0:00:00]} f5 {[%emt 0:00:00]} 49. gxf5 {[%emt 0:00:00]} gxf5 {[%emt 0:00:00]} 50. Re3 {[%emt 0:00:00]} Rf2 {[%emt 0:00:41]} 51. Re6 {[%emt 0:00:00]} Rxf4+ {[%emt 0:00:04]} 52. Kd3 {[%emt 0:00:00]} Rf3+ {[%emt 0:00:43]} 53. Kd4 {[%emt 0:00:00]} Rf4+ {[%emt 0:04:15]} 54. Kd3 {[%emt 0:00:00]} Rf3+ {[%emt 0:00:14]} 55. Kd4 {[%emt 0:00:00]} Rf4+ {[%emt 0:00:51]} 56. Kc3 {[%emt 0:00:00]} Rf3+ {[%emt 0:00:12]} 57. Kd4 {[%emt 0:00:00]} b5 {[%emt 0:01:26]} 1-0